[Event "IECC CL8-2011.01 email"]
[Site "IECC email"]
[Date "2011.05.29"]
[Round "?"]
[White "Ballueder, Volker"]
[Black "Mitchell, TT."]
[Result "1-0"]
[WhiteElo "838"]
[BlackElo "920"]
[PlyCount "59"]
[EventDate "2011.??.??"]
[EventType "tourn (corr)"]
[EventRounds "4"]
[SourceTitle "Telechess CBM 145"]
[Source "Chessbase"]
[SourceDate "2011.11.11"]
[SourceVersion "1"]
[SourceVersionDate "2011.11.11"]
[SourceQuality "1"]
[WhiteTeam "England"]
[BlackTeam "US of America"]
[WhiteTeamCountry "ENG"]
[BlackTeamCountry "USA"]

1. c4 e5 2. Nc3 c6 3. e4 Be7 4. Nf3 Bd6 5. g3 b6 6. Bg2 h6 7. 0-0 Ne7 8. d4 exd4 9. Qxd4 0-0 10. e5 Bc5 11. Qg4 d6 12. e6 Bxe6 13. Qf4 Ng6 14. Qe4 Qd7 15. Re1 Bf5 16. Qe2 Re8 17. Qd2 Ne7 18. Nh4 Bh7 19. b3 Bb4 20. Qe3 Bc5 21. Qf3 Bd4 22. Bb2 Na6 23. Rad1 Bxc3 24. Bxc3 Rab8 25. Re3 Rbc8 26. Rde1 Nf5 27. Rxe8+ Rxe8 28. Rxe8+ Qxe8 29. Nxf5 Qd7 30. Qg4 1-0

[Event "IECC KO-1081"]
[Site "IECC email"]
[Date "2011.03.03"]
[Round "?"]
[White "Johnson, Aaron"]
[Black "Ballueder, Volker"]
[Result "1-0"]
[WhiteElo "1132"]
[BlackElo "823"]
[PlyCount "43"]
[EventDate "2011.??.??"]
[EventType "match (corr)"]
[EventRounds "2"]
[SourceTitle "Telechess CBM 145"]
[Source "Chessbase"]
[SourceDate "2011.11.11"]
[SourceVersion "1"]
[SourceVersionDate "2011.11.11"]
[SourceQuality "1"]
[WhiteTeam "US of America"]
[BlackTeam "England"]
[WhiteTeamCountry "USA"]
[BlackTeamCountry "ENG"]

1. e4 e5 2. d4 exd4 3. Qxd4 Nc6 4. Qc4 d6 5. Nf3 Nf6 6. Nc3 h6 7. Bf4 Bg4 8. 0-0-0 g5 9. e5 Nd7 10. e6 Bxe6 11. Qb5 gxf4 12. Qxb7 Nce5 13. Nb5 Rb8 14. Nxc7+ Ke7 15. Nd5+ Bxd5 16. Qxd5 Qb6 17. b3 Qxf2 18. Nxe5 Qe3+ 19. Kb1 Nxe5 20. Qxd6+ Ke8 21. Bb5+ Rxb5 22. Qd8# 1-0

[Event "IECC M1-2010.T065"]
[Site "IECC email"]
[Date "2010.08.09"]
[Round "?"]
[White "Cunningham, Don"]
[Black "Ballueder, Volker"]
[Result "1-0"]
[WhiteElo "985"]
[BlackElo "828"]
[PlyCount "41"]
[EventDate "2010.??.??"]
[EventType "match (corr)"]
[EventRounds "2"]
[SourceTitle "Telechess CBM 149"]
[Source "ChessBase"]
[SourceDate "2012.07.17"]
[SourceVersion "1"]
[SourceVersionDate "2012.07.17"]
[SourceQuality "1"]
[WhiteTeam "US of America"]
[BlackTeam "England"]
[WhiteTeamCountry "USA"]
[BlackTeamCountry "ENG"]

1. d4 d5 2. Nf3 e6 3. e3 Nc6 4. Bd3 Bb4+ 5. Nbd2 Nf6 6. 0-0 0-0 7. c3 Ba5 8. b4 Bb6 9. Re1 a5 10. e4 Re8 11. Bb2 dxe4 12. Nxe4 e5 13. b5 Ne7 14. Qb3 h6 15. Bc4 Be6 16. Nxe5 Nxe4 17. Bxe6 fxe6 18. Qxe6+ Kh7 19. Rxe4 Ng8 20. Qf5+ Kh8 21. Nf7# 1-0

[Event "IECC M1-2010.T011"]
[Site "IECC email"]
[Date "2010.02.08"]
[Round "?"]
[White "Ballueder, Volker"]
[Black "Cunningham, Don"]
[Result "0-1"]
[WhiteElo "865"]
[BlackElo "1022"]
[PlyCount "46"]
[EventDate "2010.??.??"]
[EventType "match (corr)"]
[EventRounds "2"]
[SourceTitle "Telechess CBM 149"]
[Source "ChessBase"]
[SourceDate "2012.07.17"]
[SourceVersion "1"]
[SourceVersionDate "2012.07.17"]
[SourceQuality "1"]
[WhiteTeam "England"]
[BlackTeam "US of America"]
[WhiteTeamCountry "ENG"]
[BlackTeamCountry "USA"]

1. e4 Nc6 2. Nf3 e5 3. Bc4 Nf6 4. d3 Bd6 5. Ng5 0-0 6. Nxf7 Rxf7 7. Bxf7+ Kxf7 8. 0-0 Bc5 9. h3 d5 10. Bg5 d4 11. Bxf6 Qxf6 12. Nd2 Be6 13. b3 Kg8 14. Nf3 Qg6 15. Kh2 Rf8 16. Nh4 Qf6 17. f3 Qxh4 18. Rg1 Be7 19. g4 h5 20. Qf1 Bxg4 21. fxg4 Rxf1 22. Rgxf1 hxg4 23. Rg1 Qxh3# 0-1

[Event "IECC M1-2010.T011"]
[Site "IECC email"]
[Date "2010.02.08"]
[Round "?"]
[White "Cunningham, Don"]
[Black "Ballueder, Volker"]
[Result "1-0"]
[WhiteElo "978"]
[BlackElo "895"]
[PlyCount "91"]
[EventDate "2010.??.??"]
[EventType "match (corr)"]
[EventRounds "2"]
[SourceTitle "Telechess CBM 149"]
[Source "ChessBase"]
[SourceDate "2012.07.17"]
[SourceVersion "1"]
[SourceVersionDate "2012.07.17"]
[SourceQuality "1"]
[WhiteTeam "US of America"]
[BlackTeam "England"]
[WhiteTeamCountry "USA"]
[BlackTeamCountry "ENG"]

1. Nf3 d5 2. d4 Nc6 3. Nc3 Nf6 4. e3 Bg4 5. Be2 e6 6. Ne5 Bxe2 7. Qxe2 Nxe5 8. dxe5 Nd7 9. f4 Bb4 10. Bd2 0-0 11. 0-0-0 Nc5 12. e4 d4 13. Nb5 Bxd2+ 14. Rxd2 a6 15. Nxd4 Qe7 16. Rf1 h6 17. f5 exf5 18. exf5 f6 19. exf6 Qxf6 20. g4 Rad8 21. Qc4+ Kh8 22. Qxc5 b6 23. Qc3 c5 24. Nf3 Rxd2 25. Qxd2 Re8 26. Re1 Rd8 27. Qe2 Qf7 28. Qxa6 Qc7 29. Ne5 Rb8 30. Kb1 Kg8 31. Qc4+ Kh8 32. Qe6 Rd8 33. Ng6+ Kh7 34. Qe5 Qxe5 35. Nxe5 Rd2 36. Rh1 Re2 37. Nd7 Kg8 38. Nxb6 Kf7 39. Na4 c4 40. b4 cxb3 41. axb3 Rg2 42. h3 Kf6 43. c4 Rg3 44. Ka2 g5 45. fxg6 Kxg6 46. Ka3 1-0

[Event "IECC M1-2009.T69"]
[Site "IECC email"]
[Date "2009.06.10"]
[Round "?"]
[White "Robertson, John"]
[Black "Ballueder, Volker"]
[Result "0-1"]
[WhiteElo "1051"]
[BlackElo "869"]
[PlyCount "102"]
[EventDate "2009.??.??"]
[EventType "match (corr)"]
[EventRounds "2"]
[SourceTitle "Corr 2011"]
[Source "ChessBase"]
[SourceDate "2010.08.31"]
[SourceVersion "1"]
[SourceVersionDate "2010.08.31"]
[SourceQuality "1"]
[WhiteTeam "Australia"]
[BlackTeam "England"]
[WhiteTeamCountry "AUS"]
[BlackTeamCountry "ENG"]

1. e4 e5 2. Nf3 d6 3. Nc3 Nf6 4. Bc4 g6 5. 0-0 Bh6 6. d4 Bxc1 7. Qxc1 exd4 8. Nxd4 0-0 9. h3 Nc6 10. Nxc6 bxc6 11. Re1 d5 12. Bd3 d4 13. Ne2 Rb8 14. e5 Nd5 15. Nxd4 Qh4 16. Nf3 Qb4 17. b3 Re8 18. Re4 Qc5 19. Qh6 Nc3 20. Ng5 Nxe4 21. Nxe4 Qxe5 22. Rf1 Bf5 23. Ng5 Qg7 24. Qh4 Bxd3 25. cxd3 Re2 26. Qa4 Rd2 27. Qc4 Rxa2 28. b4 Rb2 29. Qxc6 R2xb4 30. Qxc7 Rb1 31. Qxa7 Rxf1+ 32. Kxf1 Rb1+ 33. Ke2 Qe5+ 34. Ne4 Rb2+ 35. Kf3 f5 36. Qa8+ Rb8 37. Qa2+ Kg7 38. Qa7+ Kh6 39. Qe3+ f4 40. Qxf4+ Qxf4+ 41. Kxf4 Rb2 42. Ke3 Rb1 43. d4 Kg7 44. Ng3 Kf6 45. f4 Rb3+ 46. Kf2 Rd3 47. Ne2 Kf5 48. g4+ Ke4 49. Kg2 Rd2 50. Kf2 Kd3 51. Kf3 Rxe2 0-1

[Event "IECC CL8-2009.03 email"]
[Site "IECC email"]
[Date "2009.05.20"]
[Round "?"]
[White "Ballueder, Volker"]
[Black "Mitchell, TT."]
[Result "1/2-1/2"]
[WhiteElo "872"]
[BlackElo "1865"]
[PlyCount "115"]
[EventDate "2009.??.??"]
[EventType "tourn (corr)"]
[EventRounds "4"]
[SourceTitle "Telechess CBM 137"]
[Source "ChessBase"]
[SourceDate "2010.07.15"]
[SourceVersion "1"]
[SourceVersionDate "2010.07.15"]
[SourceQuality "1"]
[WhiteTeam "England"]
[WhiteTeamCountry "ENG"]

1. e4 e5 2. Nf3 d6 3. Bc4 Qe7 4. 0-0 Be6 5. d3 Bxc4 6. dxc4 h6 7. b4 Nf6 8. Nc3 g6 9. h3 Bg7 10. c5 dxc5 11. bxc5 Qxc5 12. Bb2 0-0 13. Rb1 Qe7 14. Nd5 Nxd5 15. exd5 Qd6 16. Re1 f6 17. Qd3 Nd7 18. Rbd1 f5 19. Qb5 Rab8 20. Rc1 a6 21. Qb3 g5 22. Rcd1 Nc5 23. Qc4 b5 24. Qe2 Rbe8 25. Ba3 Rf7 26. c4 Qb6 27. Bxc5 Qxc5 28. cxb5 axb5 29. Rc1 Qxd5 30. Red1 Qb7 31. Rc5 c6 32. Rd6 Bf8 33. Rg6+ Kh7 34. Rcxc6 Bg7 35. Rb6 Qc7 36. Rgc6 Qd7 37. Qxb5 Qd1+ 38. Qf1 Qxf1+ 39. Kxf1 e4 40. Nd2 Bd4 41. Rxh6+ Kg7 42. Rhg6+ Kf8 43. Rbd6 Be5 44. Rde6 Rxe6 45. Rxe6 Bf4 46. Ke2 Bxd2 47. Kxd2 Rd7+ 48. Ke3 Rd3+ 49. Ke2 Kf7 50. Rc6 Ra3 51. Rc5 Rxa2+ 52. Ke3 Ke6 53. f3 Ra3+ 54. Ke2 exf3+ 55. gxf3 Ra2+ 56. Ke3 Rh2 57. f4 gxf4+ 58. Kxf4 1/2-1/2

[Event "IECC CL8-2009.03 email"]
[Site "IECC email"]
[Date "2009.05.20"]
[Round "?"]
[White "Ballueder, Volker"]
[Black "Robertson, John"]
[Result "0-1"]
[WhiteElo "875"]
[BlackElo "1012"]
[PlyCount "49"]
[EventDate "2009.??.??"]
[EventType "tourn (corr)"]
[EventRounds "4"]
[SourceTitle "Telechess CBM 137"]
[Source "ChessBase"]
[SourceDate "2010.07.15"]
[SourceVersion "1"]
[SourceVersionDate "2010.07.15"]
[SourceQuality "1"]
[WhiteTeam "England"]
[BlackTeam "Australia"]
[WhiteTeamCountry "ENG"]
[BlackTeamCountry "AUS"]

1. d4 Nf6 2. Nc3 d5 3. Nf3 Nc6 4. Bg5 Ne4 5. e3 Nxg5 6. Nxg5 h6 7. Nf3 e6 8. Bb5 Bd7 9. 0-0 Qf6 10. h3 a6 11. Bxc6 Bxc6 12. Ne5 Bd7 13. Nxd7 Kxd7 14. a3 Bd6 15. b4 b5 16. a4 Bxb4 17. Qd3 c6 18. Rab1 Bxc3 19. Qxc3 Rhb8 20. Rfe1 bxa4 21. Rxb8 Rxb8 22. Qa5 Rb2 23. Qxa6 Rxc2 24. Qxa4 Qxf2+ 25. Kh2 0-1

[Event "IECC M1-2009.T35"]
[Site "IECC email"]
[Date "2009.03.10"]
[Round "?"]
[White "Mitchell, TT."]
[Black "Ballueder, Volker"]
[Result "1-0"]
[WhiteElo "957"]
[BlackElo "943"]
[PlyCount "91"]
[EventDate "2009.??.??"]
[EventType "match (corr)"]
[EventRounds "2"]
[SourceTitle "Corr 2011"]
[Source "ChessBase"]
[SourceDate "2010.08.31"]
[SourceVersion "1"]
[SourceVersionDate "2010.08.31"]
[SourceQuality "1"]
[WhiteTeam "US of America"]
[BlackTeam "England"]
[WhiteTeamCountry "USA"]
[BlackTeamCountry "ENG"]

1. e4 e5 2. Nf3 Nc6 3. c3 Nf6 4. d3 Bc5 5. h3 0-0 6. Be2 d5 7. 0-0 dxe4 8. dxe4 Qxd1 9. Rxd1 h6 10. Nfd2 b6 11. Nb3 Bb7 12. Nxc5 bxc5 13. Be3 Nxe4 14. Bd3 Rad8 15. Na3 Ng5 16. Bxc5 Rfe8 17. Nb5 Rd7 18. Nxa7 Nxa7 19. Bxa7 e4 20. Be2 Rxd1+ 21. Rxd1 f5 22. Bc4+ Kh8 23. Be3 Kh7 24. Rd7 Ne6 25. Bxe6 Rxe6 26. Rxc7 Ba6 27. Bd4 Rg6 28. c4 f4 29. c5 Bb5 30. b3 Kg8 31. Rc8+ Kf7 32. Rc7+ Ke6 33. Bxg7 e3 34. fxe3 f3 35. Kf2 fxg2 36. Kg1 Kd5 37. Bd4 Bc6 38. Rf7 Ke6 39. Rf4 h5 40. b4 Kd7 41. Rf5 Ke6 42. Rxh5 Bf3 43. Re5+ Kf7 44. Rf5+ Ke6 45. Rxf3 Kd5 46. a4 1-0

[Event "IECC M1-2009.T36"]
[Site "IECC email"]
[Date "2009.03.10"]
[Round "?"]
[White "Robertson, John"]
[Black "Ballueder, Volker"]
[Result "1-0"]
[WhiteElo "989"]
[BlackElo "980"]
[PlyCount "45"]
[EventDate "2009.??.??"]
[EventType "match (corr)"]
[EventRounds "2"]
[SourceTitle "Corr 2011"]
[Source "ChessBase"]
[SourceDate "2010.08.31"]
[SourceVersion "1"]
[SourceVersionDate "2010.08.31"]
[SourceQuality "1"]
[WhiteTeam "Australia"]
[BlackTeam "England"]
[WhiteTeamCountry "AUS"]
[BlackTeamCountry "ENG"]

1. e4 e5 2. Nc3 Bc5 3. Nf3 d6 4. d4 exd4 5. Nxd4 Nf6 6. Nf3 Bg4 7. h3 0-0 8. hxg4 Nxg4 9. Be3 Bxe3 10. fxe3 Nxe3 11. Qd3 Nxf1 12. Kxf1 Re8 13. Re1 Nc6 14. e5 Nxe5 15. Qxh7+ Kf8 16. Qh8+ Ke7 17. Qxg7 Rg8 18. Qh6 Kd7 19. Qh3+ Ng4 20. Qh7 Rf8 21. Qf5+ Kc6 22. Nd4+ Kb6 23. Na4+ 1-0

[Event "IECC CL8-2008.06 email"]
[Site "IECC email"]
[Date "2009.01.04"]
[Round "?"]
[White "Ballueder, Volker"]
[Black "Cuaycong, Virgilio"]
[Result "0-1"]
[WhiteElo "979"]
[BlackElo "1167"]
[PlyCount "54"]
[EventDate "2009.??.??"]
[EventType "tourn (corr)"]
[EventRounds "4"]
[SourceTitle "Corr 2011"]
[Source "ChessBase"]
[SourceDate "2010.08.31"]
[SourceVersion "1"]
[SourceVersionDate "2010.08.31"]
[SourceQuality "1"]
[WhiteTeam "England"]
[BlackTeam "Philippines"]
[WhiteTeamCountry "ENG"]
[BlackTeamCountry "PHI"]

1. e4 c5 2. Nf3 Nc6 3. d4 cxd4 4. Nxd4 g6 5. Bf4 Bg7 6. Nxc6 bxc6 7. Bc4 Bxb2 8. Nd2 Bxa1 9. Qxa1 Nf6 10. 0-0 0-0 11. Bh6 Re8 12. e5 Nd5 13. e6 f6 14. Ne4 dxe6 15. Bxd5 exd5 16. Ng5 d4 17. a3 fxg5 18. Qa2+ e6 19. Qb2 Qd5 20. Rd1 c5 21. c3 Bb7 22. f3 dxc3 23. Qxc3 Qxd1+ 24. Kf2 Qd4+ 25. Qxd4 cxd4 26. Bxg5 Rac8 27. h4 Rc2+ 0-1

[Event "IECC M1-2008.T42"]
[Site "IECC email"]
[Date "2008.04.25"]
[Round "?"]
[White "Ballueder, Volker"]
[Black "Cunningham, Don"]
[Result "1-0"]
[WhiteElo "950"]
[BlackElo "924"]
[PlyCount "51"]
[EventDate "2008.??.??"]
[EventType "match (corr)"]
[EventRounds "2"]
[SourceTitle "Corr 2013"]
[Source "ChessBase"]
[SourceDate "2012.11.12"]
[SourceVersion "1"]
[SourceVersionDate "2012.11.12"]
[SourceQuality "1"]
[WhiteTeam "England"]
[BlackTeam "US of America"]
[WhiteTeamCountry "ENG"]
[BlackTeamCountry "USA"]

1. c4 e5 2. d4 Nc6 3. d5 Nd4 4. e3 Nf5 5. Bd3 Nge7 6. Nf3 d6 7. Nc3 Ng6 8. 0-0 Be7 9. b4 0-0 10. Ba3 Bd7 11. b5 c5 12. dxc6 bxc6 13. bxc6 Qa5 14. Qb3 Rab8 15. Bb4 Qxb4 16. Qxb4 Rxb4 17. cxd7 Nh6 18. Nd5 Rb7 19. Nxe7+ Nxe7 20. c5 f6 21. c6 Nxc6 22. Be4 Rc7 23. Rfc1 Rxd7 24. Bxc6 Rdd8 25. Rab1 Rf7 26. Bd5 1-0

[Event "IECC KO-1072"]
[Site "IECC email"]
[Date "2007.12.04"]
[Round "?"]
[White "Ballueder, Volker"]
[Black "Simmons, Ernest"]
[Result "0-1"]
[WhiteElo "883"]
[BlackElo "1087"]
[PlyCount "122"]
[EventDate "2007.??.??"]
[EventType "match (corr)"]
[EventRounds "2"]
[SourceTitle "Corr 2020"]
[Source "ChessBase"]
[SourceDate "2019.09.30"]
[SourceVersion "1"]
[SourceVersionDate "2019.09.30"]
[SourceQuality "1"]
[WhiteTeam "England"]
[BlackTeam "United States"]
[WhiteTeamCountry "ENG"]
[BlackTeamCountry "USA"]

1. e4 c6 2. Nf3 d5 3. exd5 cxd5 4. d4 e6 5. Bb5+ Nc6 6. 0-0 a6 7. Bxc6+ bxc6 8. Nc3 Nf6 9. Bg5 Be7 10. Ne5 Nd7 11. Bxe7 Qxe7 12. Nxc6 Qd6 13. Ne5 Nxe5 14. dxe5 Qxe5 15. Re1 Qd6 16. Qg4 0-0 17. Rad1 Bb7 18. f3 Rfe8 19. h3 Qc5+ 20. Kh1 Qc6 21. a3 f5 22. Qg3 Rad8 23. Rd2 Qd6 24. Qxd6 Rxd6 25. Rd4 Rd7 26. Ne2 e5 27. Rb4 g5 28. g4 f4 29. Rb6 Kg7 30. Nc3 d4 31. Ne4 Bxe4 32. Rxe4 Ra7 33. Rd6 Rc7 34. Rd5 Rxc2 35. Rdxe5 Rc1+ 36. Kg2 Rc2+ 37. Kf1 Rxe5 38. Rxe5 Rxb2 39. Rd5 Rb3 40. Rxd4 Rxf3+ 41. Kg2 Rxa3 42. Rd5 h6 43. Kf2 Rxh3 44. Rd6 a5 45. Ra6 Ra3 46. Kg2 Rg3+ 47. Kf2 Rxg4 48. Rxa5 Rg3 49. Re5 Kg6 50. Re6+ Kh5 51. Re5 Kg4 52. Re6 h5 53. Rh6 h4 54. Rh7 h3 55. Rh6 Rg2+ 56. Kf1 Kg3 57. Rh5 g4 58. Rh6 h2 59. Rh5 f3 60. Rh6 Rc2 61. Ke1 Kg2 0-1

[Event "IECC KO-1072"]
[Site "IECC email"]
[Date "2007.12.04"]
[Round "?"]
[White "Simmons, Ernest"]
[Black "Ballueder, Volker"]
[Result "1-0"]
[WhiteElo "1079"]
[BlackElo "891"]
[PlyCount "105"]
[EventDate "2007.??.??"]
[EventType "match (corr)"]
[EventRounds "2"]
[SourceTitle "Corr 2020"]
[Source "ChessBase"]
[SourceDate "2019.09.30"]
[SourceVersion "1"]
[SourceVersionDate "2019.09.30"]
[SourceQuality "1"]
[WhiteTeam "United States"]
[BlackTeam "England"]
[WhiteTeamCountry "USA"]
[BlackTeamCountry "ENG"]

1. Nf3 d5 2. g3 Nc6 3. Bg2 Nf6 4. d3 Bg4 5. 0-0 e5 6. Nbd2 Bb4 7. c3 Bd6 8. a3 0-0 9. b4 Re8 10. Re1 e4 11. dxe4 dxe4 12. Nd4 h6 13. Nxc6 bxc6 14. f3 e3 15. Nc4 Be6 16. Nxe3 Be5 17. Bb2 Qxd1 18. Rexd1 Bb3 19. Rd3 Rad8 20. f4 Bd6 21. Bxc6 Re7 22. Kf2 g5 23. c4 gxf4 24. Bxf6 fxe3+ 25. Rxe3 Rxe3 26. Kxe3 Rb8 27. Kd3 Bf8 28. Rb1 Rb6 29. Rxb3 Rxc6 30. Be5 h5 31. c5 Bg7 32. Bxg7 Kxg7 33. Kc4 Re6 34. Rb2 Kg6 35. Kb5 Kg5 36. Rd2 a6+ 37. Ka5 h4 38. gxh4+ Kxh4 39. Rd4+ Kh3 40. Rd7 Rxe2 41. Rxf7 Kxh2 42. Rxc7 Re6 43. Rd7 Kg3 44. Rd6 Re7 45. Rxa6 Kf4 46. c6 Ke5 47. b5 Kd6 48. c7+ Kxc7 49. Ra7+ Kd8 50. Rxe7 Kxe7 51. b6 Kd7 52. Ka6 Kc8 53. Ka7 1-0

[Event "IECC CL8-2007.05 email"]
[Site "IECC email"]
[Date "2007.09.27"]
[Round "?"]
[White "Ballueder, Volker"]
[Black "Foletta, Ian"]
[Result "0-1"]
[WhiteElo "861"]
[BlackElo "990"]
[PlyCount "50"]
[EventDate "2007.??.??"]
[EventType "tourn (corr)"]
[EventRounds "4"]
[SourceTitle "Corr 2011"]
[Source "ChessBase"]
[SourceDate "2010.08.31"]
[SourceVersion "1"]
[SourceVersionDate "2010.08.31"]
[SourceQuality "1"]
[WhiteTeam "Italy"]
[BlackTeam "Chile"]
[WhiteTeamCountry "ITA"]
[BlackTeamCountry "CHI"]

1. e4 c5 2. Nf3 d6 3. Bb5+ Nc6 4. d4 Qa5+ 5. Bd2 Qxb5 6. Nc3 Qxb2 7. dxc5 Nb4 8. Rb1 Qa3 9. Nb5 Qa5 10. Nc7+ Qxc7 11. Bxb4 dxc5 12. Bc3 Nf6 13. 0-0 g6 14. Re1 Bg7 15. Qd2 0-0 16. e5 Rd8 17. Qe2 Nd5 18. Bb2 Nf4 19. Qc4 Bh6 20. g3 Nh3+ 21. Kg2 Qc6 22. Bc1 g5 23. Kf1 Qxf3 24. Be3 Nxf2 25. Bxf2 Bh3+ 0-1

[Event "IECC M1-2007.T35"]
[Site "IECC email"]
[Date "2007.08.23"]
[Round "?"]
[White "Ballueder, Volker"]
[Black "Cunningham, Don"]
[Result "0-1"]
[WhiteElo "893"]
[BlackElo "913"]
[PlyCount "102"]
[EventDate "2007.??.??"]
[EventType "match (corr)"]
[EventRounds "2"]
[SourceTitle "Corr 2011"]
[Source "ChessBase"]
[SourceDate "2010.08.31"]
[SourceVersion "1"]
[SourceVersionDate "2010.08.31"]
[SourceQuality "1"]
[WhiteTeam "US of America"]
[BlackTeam "South Africa"]
[WhiteTeamCountry "USA"]
[BlackTeamCountry "RSA"]

1. c4 Nf6 2. Nc3 Nc6 3. Nf3 d6 4. d4 d5 5. c5 Ne4 6. Nxe4 dxe4 7. Ng5 Nxd4 8. Nxe4 e5 9. e3 Ne6 10. Qxd8+ Nxd8 11. Bc4 Be6 12. b3 Bxc4 13. bxc4 c6 14. 0-0 Ne6 15. Bb2 f6 16. f4 Nxc5 17. Nxc5 Bxc5 18. fxe5 Bxe3+ 19. Kh1 0-0 20. exf6 gxf6 21. Bxf6 b6 22. Rae1 Bc5 23. g3 Rae8 24. Rxe8 Rxe8 25. Kg2 Re2+ 26. Kh3 Rxa2 27. g4 a5 28. Bd8 a4 29. Rf6 Rb2 30. Rxc6 a3 31. Rc8 Rb3+ 32. Kg2 Rb2+ 33. Kf3 Rb4 34. Be7+ Kf7 35. Bxc5 bxc5 36. Rxc5 Ra4 37. Rd5 a2 38. Rd1 Rxc4 39. Ra1 Rc3+ 40. Ke2 Ra3 41. Kd2 Kf6 42. Kc2 Kg5 43. Kb2 Ra4 44. Rxa2 Rxa2+ 45. Kxa2 Kxg4 46. Kb2 Kh3 47. Kc2 h5 48. Kd2 Kxh2 49. Ke2 Kg2 50. Ke3 h4 51. Kf4 h3 0-1

[Event "IECC M1-2007.T34"]
[Site "IECC email"]
[Date "2007.08.20"]
[Round "?"]
[White "Ballueder, Volker"]
[Black "Simmons, Ernest"]
[Result "0-1"]
[WhiteElo "870"]
[BlackElo "1057"]
[PlyCount "124"]
[EventDate "2007.??.??"]
[EventType "match (corr)"]
[EventRounds "2"]
[SourceTitle "Corr 2011"]
[Source "ChessBase"]
[SourceDate "2010.08.31"]
[SourceVersion "1"]
[SourceVersionDate "2010.08.31"]
[SourceQuality "1"]
[WhiteTeam "US of America"]
[BlackTeam "South Africa"]
[WhiteTeamCountry "USA"]
[BlackTeamCountry "RSA"]

1. e4 c5 2. Nf3 d6 3. Bb5+ Bd7 4. Nc3 a6 5. Ba4 b5 6. Bb3 c4 7. Bxc4 bxc4 8. 0-0 Nc6 9. d4 e6 10. Bg5 Be7 11. Bxe7 Ngxe7 12. d5 Ne5 13. Nxe5 dxe5 14. d6 Nc8 15. b3 Nb6 16. bxc4 Nxc4 17. Qd3 Qc8 18. Rab1 Qc5 19. Rb3 Nxd6 20. Rfb1 0-0 21. Rb6 Nc4 22. Rb7 Bc6 23. Rc7 Rfc8 24. Na4 Qd4 25. Rxc8+ Rxc8 26. Qxd4 exd4 27. Nc5 a5 28. f4 Ba8 29. Nd7 Bxe4 30. Rd1 Bxc2 31. Rxd4 Bb1 32. a3 Bc2 33. Ne5 Nxe5 34. fxe5 h6 35. Kf2 Kh7 36. Ke3 Rc5 37. Kd2 Bg6 38. Ra4 Rxe5 39. Kc3 Re2 40. Rxa5 Rxg2 41. h3 Rg3+ 42. Kb2 Rxh3 43. Ra8 Rd3 44. a4 f5 45. a5 f4 46. a6 Be4 47. Rb8 f3 48. a7 f2 49. Rf8 Rd2+ 50. Kc3 Rd1 51. Rxf2 h5 52. Rf8 Bh1 53. a8Q Bxa8 54. Rxa8 h4 55. Kc2 Rg1 56. Ra4 g5 57. Re4 Kh6 58. Rxe6+ Kh5 59. Kd2 h3 60. Re7 Kh4 61. Rh7+ Kg3 62. Ke2 h2 0-1

[Event "IECC CL8-2007.04 email"]
[Site "IECC email"]
[Date "2007.08.10"]
[Round "?"]
[White "Davidson, Allan D"]
[Black "Ballueder, Volker"]
[Result "1/2-1/2"]
[WhiteElo "931"]
[BlackElo "889"]
[PlyCount "99"]
[EventDate "2007.??.??"]
[EventType "tourn (corr)"]
[EventRounds "4"]
[SourceTitle "Corr 2011"]
[Source "ChessBase"]
[SourceDate "2010.08.31"]
[SourceVersion "1"]
[SourceVersionDate "2010.08.31"]
[SourceQuality "1"]
[WhiteTeam "Italy"]
[BlackTeam "Chile"]
[WhiteTeamCountry "ITA"]
[BlackTeamCountry "CHI"]

1. e4 e5 2. Nf3 Nc6 3. Bb5 Nf6 4. d3 Bc5 5. 0-0 0-0 6. Qe1 d6 7. Be3 Bd7 8. Bxc5 dxc5 9. Nc3 a6 10. Ba4 b5 11. Bb3 Nd4 12. Nxe5 c4 13. Nxd7 Qxd7 14. dxc4 bxc4 15. Ba4 Qe6 16. f3 Nd7 17. Qe3 c5 18. Bxd7 Qxd7 19. Rf2 Rab8 20. b3 Rfe8 21. bxc4 Rb2 22. Rb1 Rxc2 23. Rxc2 Nxc2 24. Rd1 Qxd1+ 25. Nxd1 Nxe3 26. Nxe3 Rb8 27. Nd5 Rb2 28. a4 Ra2 29. Nb6 g6 30. h3 Rb2 31. Nd7 Rb4 32. Nxc5 Rxc4 33. Nxa6 Rxa4 34. Nc5 Ra5 35. Nd3 f5 36. exf5 Rxf5 37. Kf2 Kg7 38. g4 Rd5 39. Nf4 Rd2+ 40. Kg3 Kf6 41. h4 Ke5 42. g5 Rd4 43. Nh3 Kf5 44. Nf2 Rd8 45. Ng4 Rh8 46. Nh6+ Ke6 47. Ng4 Kf5 48. Nh6+ Ke6 49. Kg4 Rf8 50. f4 1/2-1/2

[Event "IECC M1-2007.T09"]
[Site "IECC email"]
[Date "2007.04.23"]
[Round "?"]
[White "Ballueder, Volker"]
[Black "Cunningham, Don"]
[Result "0-1"]
[WhiteElo "877"]
[BlackElo "929"]
[PlyCount "92"]
[EventDate "2007.??.??"]
[EventType "match (corr)"]
[EventRounds "2"]
[SourceTitle "Corr 2011"]
[Source "ChessBase"]
[SourceDate "2010.08.31"]
[SourceVersion "1"]
[SourceVersionDate "2010.08.31"]
[SourceQuality "1"]
[WhiteTeam "US of America"]
[BlackTeam "South Africa"]
[WhiteTeamCountry "USA"]
[BlackTeamCountry "RSA"]

1. e4 Nf6 2. Nc3 d5 3. exd5 Nxd5 4. Nxd5 Qxd5 5. d4 Nc6 6. Nf3 Bg4 7. c4 Qd7 8. d5 Nb4 9. Be2 Qd6 10. 0-0 g6 11. a3 Na6 12. Nd4 Bxe2 13. Qxe2 Bg7 14. Nb5 Qf6 15. g3 0-0 16. Bf4 c6 17. dxc6 bxc6 18. Nc7 Nxc7 19. Bxc7 e6 20. Bd6 Rfd8 21. Be5 Qxe5 22. Qxe5 Bxe5 23. Rab1 Rd2 24. b4 Rad8 25. f4 Bc3 26. Rb3 Bd4+ 27. Kh1 e5 28. fxe5 Bxe5 29. Rbf3 R8d7 30. b5 cxb5 31. cxb5 Rd1 32. Rxd1 Rxd1+ 33. Kg2 Rb1 34. a4 Rb2+ 35. Kf1 h5 36. Re3 Bd4 37. Re7 Rb1+ 38. Ke2 Ra1 39. Rd7 Rxa4 40. Kd3 Bg1 41. Kc3 Ra2 42. Kc4 Bxh2 43. Kc5 Bxg3 44. Kc6 Bf2 45. Rd8+ Kg7 46. Rd7 h4 0-1